000 00808nam a2200277Ia 4500
003 OSt
005 20221006145238.0
006 a|||||r|||| 00| 0
007 ta
008 221006b |||||||| |||| 00| 0 eng d
020 _a9781842773192
_c£14.95
024 _a14,233
037 _cTextual
040 _aEASL
_cEASL
_beng
041 _2eng
_aeng
082 _aV41:19.P1, P2-;1
100 _aLIJUN Sheng
_9653860
245 0 _aChina and Taiwan
_b Cross-Strit relations under chen Shui-bian
260 _aLondon
_bZed Books
_c2002
300 _a164p.
_ccm.
650 _a CEL
650 _a Taiwan - Politics and Government
_9649181
650 _aTaiwan - Foreign relations - China
_9653861
942 _hV41:19.P1, P2-;1
_cTEXL
_2CC
999 _c1082319
_d1082319